00808nam a22002657a 45000010005000000030006000050050017000110080041000280200015000690400029000840500015001130820013001281000020001412450043001612600037002043000044002414900023002855050008003085200098003165210030004145210020004446500022004646500026004867000030005125504FISKH20241213111922.0241213b cb ||||| |||| 00| 0 eng d a0590067567 aFISKHbengcFISKHdFISKH aPN6728.C34 a741.5973 aWatterson, Bill aCalvin and Hobbes /cby Bill Watterson aNew York : bScholastic ;c1987. a127 pages : billustrations ;c23 cm .  a Calvin and Hobbes aS  aA collection of comic strips following the adventures of Calvin and his stuffed tiger Hobbes.8 a790 bLexile estimate 8 aS bRaz-Plus  acartoonsvFiction acomic stripsvFiction aTrudeau, GarryeForeword